|
|
|
|
| LEADER |
00000naa2a2200000 4500 |
| 001 |
420025 |
| 005 |
20231101073326.0 |
| 035 |
|
|
|a (RuTPU)RU\TPU\prd\77487
|
| 035 |
|
|
|a RU\TPU\prd\28238
|
| 090 |
|
|
|a 420025
|
| 100 |
|
|
|a 20100301a2004 k y0rusy50 ca
|
| 101 |
0 |
|
|a rus
|
| 102 |
|
|
|a RU
|
| 200 |
1 |
|
|a Объемный наносекундный разряд в неоднородном электрическом поле при повышенном давлении
|f В. Ф. Тарасенко, С. А. Алексеев, И. Д. Костыря и др.
|
| 225 |
1 |
|
|a Краткие сообщения
|
| 320 |
|
|
|a Библиогр.: 9 назв.
|
| 461 |
|
1 |
|0 (RuTPU)RU\TPU\prd\191
|x 0021-3411
|t Известия вузов. Физика
|f Министерство общего и профессионального образования Российской Федерации ; Томский Госуниверситет
|d 1958-
|
| 463 |
|
1 |
|0 (RuTPU)RU\TPU\prd\77468
|t Т. 47, № 2
|v с. 96-97
|d 2004
|
| 610 |
1 |
|
|a наносекундные разряды
|
| 610 |
1 |
|
|a неоднородное электрическое поле
|
| 610 |
1 |
|
|a повышенное давление
|
| 610 |
1 |
|
|a объемные разряды
|
| 610 |
1 |
|
|a молекулярные газы
|
| 610 |
1 |
|
|a атомарные газы
|
| 610 |
1 |
|
|a формирование
|
| 675 |
|
|
|a 537.5
|v 3
|
| 701 |
|
1 |
|a Тарасенко
|b В. Ф.
|
| 701 |
|
1 |
|a Алексеев
|b С. А.
|
| 701 |
|
1 |
|a Костыря
|b И. Д.
|
| 701 |
|
1 |
|a Орловский
|b В. М.
|
| 701 |
|
1 |
|a Скакун
|b В. С.
|
| 801 |
|
1 |
|a RU
|b 63413507
|c 20040924
|g PSBO
|
| 801 |
|
2 |
|a RU
|b 63413507
|c 20101029
|g RCR
|
| 942 |
|
|
|c BK
|